effectif psg 2022/2023 - Statistiques

Statistiques générales
  • Ce quiz a été pris 284 fois
  • Le résultat moyen est 18 sur 29
Statistiques - réponses
Hint Réponse % Correct
99 dONNARUMA
95%
07 MBAPPE
94%
010 NEYMAR
94%
30 MESSI
93%
5 MARQUINHOS
92%
2 HAKIMI
89%
1 NAVAS
88%
3 KIMPEMBE
87%
6 VERRATTI
87%
4 RAMOS
84%
25 NUNO MENDES
82%
8 RUIZ
77%
28 SOLER
77%
17 VITINHA
74%
44 EKITIKE
71%
14 BERNAT
68%
16 RICO
67%
33 ZAIRE EMERY
63%
26 MUKIELE
62%
19 SARABIA
48%
18 SANCHES
42%
35 GHARBI
39%
90 LETELIER
32%
31 BITSHIABU
26%
32 PEMBELE
24%
070 LAVALLE
11%
15 dANILO PEIRREIRA
10%
36 kARI
7%
54 LEMINA
2%
Aucun quiz correspondant
Distribution des résultats
% des personnes avec chaque résultat
Percentile par nombre de réponses
Votre historique - résultats
Vous n’avez pas pris ce quiz